| 000 | 00661nam a2200205 i 4500 | ||
|---|---|---|---|
| 001 | 118043 | ||
| 003 | ES-MaACL | ||
| 005 | 20230906191023.0 | ||
| 007 | t| | ||
| 008 | 070214q1918 sp r ||||1| spa d | ||
| 100 | 1 |
_aPereyra, Carlos, _d1871-1942 _990541 |
|
| 245 | 1 | 0 |
_aTejas _b: la primera desmembración de Méjico / _cCarlos Pereyra. |
| 260 |
_aMadrid : _bAmérica, _c[1918?] |
||
| 300 |
_a252 p. ; _c19 cm. |
||
| 490 | 1 |
_aBiblioteca de la juventud hispano americana ; _v6 |
|
| 651 | 4 |
_aTexas- _xHistoria. _99437 |
|
| 830 | 0 |
_aBiblioteca de la juventud hispano americana ; _v6 _9186411 |
|
| 852 |
_aES-MaACL _jF-6623 |
||
| 999 |
_c118043 _d118043 |
||